000 00402nam a2200157Ia 4500
008 210716s2001 xx 000 0 und d
020 _a818805707X
041 _aeng
082 _a004.0285 TATD
100 _aTatpuje, Dipak.
245 _aComputer applications.
250 _a1
260 _aNew Delhi
_bLearning Materials Centre
_c2001
300 _axii,6.73,I.4
650 _aComputer Fundamentals
999 _c185117
_d185117